ბათუმის შოთა რუსთაველის სახელმწიფო უნივერსიტეტის ბიბლიოთეკა

საქართველოს საერთაშორისო ეკონომიკურ ხელშეკრულებებში : (ბიბ.ჩანაწერი № 34694)

000 -ლიდერი
ფიქსირებული სიგრძის საკონტროლო ველი 01269nam a2200217Ia 4500
001 - საკონტროლო ნომერი
საკონტროლო ველი 479
003 - საკონტროლო ნომრის იდენტიფიკატორი
საკონტროლო ველი GE_BSU
005 - ბოლო ოპერაციის თარიღი და დრო
საკონტროლო ველი 20200128161612.0
008 - ფიქსირებული სიგრძის მონაცემთა ელემენტები - ზოგადი ინფორმაცია
ფიქსირებული სიგრძის საკონტროლო ველი 181216s2007||||ge |||||||||||||| ||geo||
020 ## - წიგნის საერთაშორისო სტანდარტული ნომერი
International Standard Book Number 9789994068463(1)
040 ## - კატალოგიზაციის წყარო
Transcribing agency GE_BSU
080 ## - უნივერსალური ათობითი კლასიფიკაციის ინდექსი
Universal Decimal Classification number 339.9(479.22) ს-32
245 ## - ცნობა სათაურის შესახებ
Title საქართველოს საერთაშორისო ეკონომიკურ ხელშეკრულებებში :
Remainder of title ნ.1 /
Statement of responsibility, etc იდეის ავტ. და შემდგ. შემდ. ზურაბ ვაშაკიძე , ეკა ლეკაშვილი.
264 ## - წარმოების, გამოცემის, დისტრიბუციის და სხვა ცნობები
გამოცემის, წარმოების, დისტრიბუციის... ადგილი თბილისი :
გამოცემის, წარმოების, დისტრიბუციის... სახელწოდება ეკონომიკისა და მენეჯმენტის კონსულტანტთა ასოციაცია,
გამოცემის, წარმოების, დისტრიბუციის... თარიღი 2007.
300 ## - ფიზიკური აღწერა
Extent 276 გვ.
Other physical details 20 სმ.
653 ## - INDEX TERM--UNCONTROLLED
Uncontrolled term საქართველოს საგარეო-ეკონომიკური ურთიერთობები
653 ## - INDEX TERM--UNCONTROLLED
Uncontrolled term ეკონომიკური ხელშეკრულებები
700 ## - ADDED ENTRY--PERSONAL NAME
Personal name ვაშაკიძე, ზურაბ
Relator term შემდგენელი
9 (RLIN) 6440
700 ## - ADDED ENTRY--PERSONAL NAME
Personal name ლეკაშვილი, ეკა
Relator term შემდგენელი
9 (RLIN) 5020
942 ## - ADDED ENTRY ELEMENTS (KOHA)
Koha item type წიგნი
Source of classification or shelving scheme
ეგზემპლარები
ჩამოწერის სტატუსი დაკარგული ეგზემპლარის სტატუსი კლასიფიკაციის წყარო ან თაროზე გაწყობის სქემა დაზიანების სტატუსი არ გაიცემა მუდმივი მდებარეობა (დაცვის ადგილი) ამჟამინდელი ადგილსამყოფელი თაროზე განთავსების ადგილი შეძენის თარიღი ღირებულება, შესყიდვის ნორმალური ფასი სრული შენახვის შიფრი შტრიხკოდი ბოლო ოპერაციის თარიღი ეგზემპლარის მიმდევრობითი ნომერი (კეტერი?) ფასის ძალაში შესვლის თარიღი ეგზემპლარის სახეობა საჯარო შენიშვნა
          ბათუმის შოთა რუსთაველის სახელმწიფო უნივერსიტეტის მთავარი ბიბლიოთეკა ბათუმის შოთა რუსთაველის სახელმწიფო უნივერსიტეტის მთავარი ბიბლიოთეკა წიგნსაცავი 2018-12-17 20.00 339.9(479.22) ს-32 338 2018-12-17 338 2018-12-17 წიგნი 20 ლ.
          ბათუმის შოთა რუსთაველის სახელმწიფო უნივერსიტეტის მთავარი ბიბლიოთეკა ბათუმის შოთა რუსთაველის სახელმწიფო უნივერსიტეტის მთავარი ბიბლიოთეკა წიგნსაცავი 2018-12-17 20.00 339.9(479.22) ს-32 339 2018-12-17 339 2018-12-17 წიგნი 20 ლ.